000 00330pab a2200133 454500
008 180718b1996 xxu||||| |||| 00| 0 eng d
100 _aYunker, James A.
245 _aOptimal income taxation: liner versus quadratic
260 _c1996
300 _ap.476-92
650 _aIncome tax
773 _aPublic Finance
909 _a40342
999 _c40342
_d40342